000 00310pab a2200121 454500
008 180718b xxu||||| |||| 00| 0 eng d
100 _aMalhotra, Inder
245 _aPolitical commentary: sad plight of civil services
650 _a Bureaucracy
650 _aCivil Service
773 _aTime of India
909 _a2984
999 _c2984
_d2984